[Event "World Chess Olympiad 2018"]
[Site "Batumi"]
[Date "2018.09.30"]
[Round "6"]
[Board "2"]
[WhiteFideId "9912053"]
[White "Thilakarathne G M H"]
[BlackFideId "12303135"]
[Black "Thing Bibek"]
[Result "1/2-1/2"]
[LiveChessVersion "1.4.8"]
[BlackElo "2237"]
[WhiteElo "2238"]

1. e4 {[%clk 1:30:56]} c5 {[%clk 1:30:05]} 2. Nf3 {[%clk 1:31:21]} d6
{[%clk 1:30:24]} 3. d4 {[%clk 1:31:48]} cxd4 {[%clk 1:30:47]} 4. Nxd4
{[%clk 1:32:14]} Nf6 {[%clk 1:31:06]} 5. Nc3 {[%clk 1:32:40]} a6 {[%clk 1:31:30]}
6. h3 {[%clk 1:33:04]} e5 {[%clk 1:27:48]} 7. Nf3 {[%clk 1:32:08]} Be6
{[%clk 1:26:36]} 8. Ng5 {[%clk 1:29:59]} Be7 {[%clk 1:24:11]} 9. Nxe6
{[%clk 1:17:42]} fxe6 {[%clk 1:24:39]} 10. g3 {[%clk 1:01:59]} O-O
{[%clk 1:23:44]} 11. Bg2 {[%clk 0:59:43]} Nc6 {[%clk 1:17:09]} 12. O-O
{[%clk 0:58:40]} Qc7 {[%clk 1:16:32]} 13. h4 {[%clk 0:52:56]} Rae8
{[%clk 1:12:39]} 14. Be3 {[%clk 0:45:09]} Na5 {[%clk 1:10:35]} 15. Qe2
{[%clk 0:43:39]} Nc4 {[%clk 1:07:26]} 16. Bc1 {[%clk 0:42:42]} b5
{[%clk 1:06:41]} 17. a4 {[%clk 0:32:51]} b4 {[%clk 1:01:57]} 18. Nd1
{[%clk 0:31:56]} a5 {[%clk 1:01:24]} 19. b3 {[%clk 0:30:37]} Nb6 {[%clk 1:01:23]}
20. Bb2 {[%clk 0:29:07]} Nfd7 {[%clk 0:59:43]} 21. Ne3 {[%clk 0:27:45]} Nc5
{[%clk 0:55:08]} 22. Rad1 {[%clk 0:26:53]} Rc8 {[%clk 0:50:23]} 23. Qg4
{[%clk 0:24:49]} Nbd7 {[%clk 0:48:05]} 24. Qe2 {[%clk 0:17:28]} Nb6
{[%clk 0:35:43]} 25. Rd2 {[%clk 0:16:47]} h6 {[%clk 0:28:22]} 26. Rfd1
{[%clk 0:16:32]} Kh8 {[%clk 0:28:02]} 27. Kh1 {[%clk 0:14:43]} Rcd8
{[%clk 0:26:34]} 28. Ba1 {[%clk 0:10:01]} Kh7 {[%clk 0:25:16]} 29. Bb2
{[%clk 0:07:41]} Kh8 {[%clk 0:25:38]} 30. Ba1 {[%clk 0:08:07]} Kh7
{[%clk 0:25:54]} 31. Bb2 {[%clk 0:07:44]} Kh8 {[%clk 0:25:57]} 1/2-1/2

[Event "World Chess Olympiad 2018"]
[Site "Batumi"]
[Date "2018.09.30"]
[Round "6"]
[Board "3"]
[WhiteFideId "12300870"]
[White "Jaiswal Rupesh"]
[BlackFideId "9910760"]
[Black "Doluweera Minul Sanjula"]
[Result "0-1"]
[LiveChessVersion "1.4.8"]
[BlackElo "2171"]
[WhiteElo "2165"]

1. d4 {[%clk 1:30:54]} d5 {[%clk 1:30:56]} 2. Bf4 {[%clk 1:31:19]} Nf6
{[%clk 1:31:04]} 3. e3 {[%clk 1:31:43]} e6 {[%clk 1:31:20]} 4. Nf3
{[%clk 1:30:50]} c5 {[%clk 1:31:44]} 5. c3 {[%clk 1:31:10]} Bd6 {[%clk 1:32:06]}
6. Bg3 {[%clk 1:31:22]} O-O {[%clk 1:32:29]} 7. Bd3 {[%clk 1:31:38]} Qc7
{[%clk 1:31:59]} 8. Ne5 {[%clk 1:24:43]} Nc6 {[%clk 1:29:47]} 9. f4
{[%clk 1:14:59]} Ne7 {[%clk 1:25:21]} 10. Nd2 {[%clk 1:14:03]} c4
{[%clk 1:24:05]} 11. Bc2 {[%clk 1:13:20]} b5 {[%clk 1:23:38]} 12. a3
{[%clk 1:09:43]} Bb7 {[%clk 1:21:24]} 13. Qf3 {[%clk 1:07:48]} Nf5
{[%clk 1:11:04]} 14. Bf2 {[%clk 1:01:30]} Be7 {[%clk 1:10:54]} 15. Ng4
{[%clk 0:46:35]} Ne8 {[%clk 1:00:13]} 16. Qh3 {[%clk 0:41:10]} Ned6
{[%clk 0:58:50]} 17. Ne5 {[%clk 0:36:40]} Ne4 {[%clk 0:57:10]} 18. g4
{[%clk 0:34:24]} Nfd6 {[%clk 0:53:31]} 19. g5 {[%clk 0:29:55]} a5
{[%clk 0:51:13]} 20. Rg1 {[%clk 0:25:02]} b4 {[%clk 0:44:06]} 21. Ng4
{[%clk 0:19:33]} Nf5 {[%clk 0:23:26]} 22. Bxe4 {[%clk 0:12:52]} dxe4
{[%clk 0:23:50]} 23. Nf6+ {[%clk 0:11:31]} Bxf6 {[%clk 0:14:11]} 24. gxf6
{[%clk 0:11:55]} g6 {[%clk 0:14:24]} 25. Rg5 {[%clk 0:07:46]} Qd8
{[%clk 0:12:51]} 26. axb4 {[%clk 0:06:49]} axb4 {[%clk 0:12:30]} 27. Rxa8
{[%clk 0:06:46]} Bxa8 {[%clk 0:12:41]} 28. Nxc4 {[%clk 0:06:30]} bxc3
{[%clk 0:12:36]} 29. bxc3 {[%clk 0:06:43]} Qxf6 {[%clk 0:11:58]} 30. Ne5
{[%clk 0:05:05]} Rb8 {[%clk 0:09:19]} 31. Rg1 {[%clk 0:04:50]} Rb2
{[%clk 0:07:11]} 32. Kf1 {[%clk 0:04:04]} Bb7 {[%clk 0:05:50]} 33. Kg2
{[%clk 0:03:10]} Nh4+ {[%clk 0:05:55]} 34. Kg3 {[%clk 0:02:35]} Nf5+
{[%clk 0:06:23]} 35. Kg2 {[%clk 0:02:57]} Nh4+ {[%clk 0:06:52]} 36. Kg3
{[%clk 0:03:22]} g5 {[%clk 0:02:54]} 37. Qg4 {[%clk 0:02:04]} Nf5+
{[%clk 0:02:33]} 38. Kh3 {[%clk 0:01:13]} Rxf2 {[%clk 0:02:57]} 39. fxg5
{[%clk 0:01:20]} Qe7 {[%clk 0:02:20]} 40. Qh5 {[%clk 0:31:11]} Rf3+
{[%clk 0:30:36]} 41. Nxf3 {[%clk 0:28:05]} exf3 {[%clk 0:31:05]} 42. Re1
{[%clk 0:22:01]} Qc7 {[%clk 0:28:31]} 0-1

[Event "World Chess Olympiad 2018"]
[Site "Batumi"]
[Date "2018.09.30"]
[Round "6"]
[Board "4"]
[WhiteFideId "9900993"]
[White "Alahakoon Isuru"]
[BlackFideId "12300403"]
[Black "Rajbhandari Rijendra"]
[Result "0-1"]
[LiveChessVersion "1.4.8"]
[BlackElo "1937"]
[WhiteElo "2121"]

1. d4 {[%clk 1:30:40]} Nf6 {[%clk 1:30:51]} 2. Nf3 {[%clk 1:30:59]} e6
{[%clk 1:31:13]} 3. c4 {[%clk 1:29:21]} Bb4+ {[%clk 1:31:12]} 4. Nbd2
{[%clk 1:29:40]} b6 {[%clk 1:30:48]} 5. a3 {[%clk 1:29:56]} Bxd2+
{[%clk 1:30:37]} 6. Qxd2 {[%clk 1:30:21]} Bb7 {[%clk 1:28:57]} 7. e3
{[%clk 1:30:43]} O-O {[%clk 1:28:15]} 8. Be2 {[%clk 1:30:53]} d6 {[%clk 1:26:55]}
9. b4 {[%clk 1:29:10]} Nbd7 {[%clk 1:23:29]} 10. Bb2 {[%clk 1:28:49]} Ne4
{[%clk 1:23:12]} 11. Qc2 {[%clk 1:28:21]} f5 {[%clk 1:20:44]} 12. O-O
{[%clk 1:27:39]} g5 {[%clk 1:18:07]} 13. c5 {[%clk 1:09:09]} Bd5 {[%clk 1:09:25]}
14. c6 {[%clk 1:04:08]} Ndf6 {[%clk 1:08:49]} 15. Ne1 {[%clk 1:03:55]} g4
{[%clk 1:03:56]} 16. Nd3 {[%clk 1:01:39]} Ng5 {[%clk 0:58:37]} 17. Nf4
{[%clk 1:00:08]} Be4 {[%clk 0:56:33]} 18. Qb3 {[%clk 0:58:42]} Qe7
{[%clk 0:46:55]} 19. Rac1 {[%clk 0:38:26]} Nd5 {[%clk 0:41:51]} 20. Bc4
{[%clk 0:25:08]} Qf7 {[%clk 0:39:43]} 21. Qd1 {[%clk 0:15:05]} Rae8
{[%clk 0:23:58]} 22. Qe2 {[%clk 0:13:03]} Nxf4 {[%clk 0:18:16]} 23. exf4
{[%clk 0:08:07]} Nf3+ {[%clk 0:18:34]} 24. Kh1 {[%clk 0:05:40]} Qh5
{[%clk 0:18:23]} 25. h3 {[%clk 0:05:42]} gxh3 {[%clk 0:17:55]} 26. g4
{[%clk 0:01:38]} Qxg4 {[%clk 0:14:12]} 27. Rg1 {[%clk 0:00:41]} Nxg1+
{[%clk 0:14:32]} 28. Qxe4 {[%clk 0:01:05]} fxe4 {[%clk 0:14:58]} 29. Rxg1
{[%clk 0:01:28]} Qxg1+ {[%clk 0:15:24]} 30. Kxg1 {[%clk 0:01:51]} Rxf4
{[%clk 0:15:44]} 31. Bc1 {[%clk 0:01:02]} Rf3 {[%clk 0:15:58]} 32. Be3
{[%clk 0:01:23]} Kf7 {[%clk 0:16:08]} 33. Be2 {[%clk 0:01:30]} Rg8+
{[%clk 0:16:10]} 34. Kh1 {[%clk 0:01:52]} Rxe3 {[%clk 0:15:14]} 35. fxe3
{[%clk 0:00:39]} Rg3 {[%clk 0:15:27]} 36. Bh5+ {[%clk 0:00:36]} Kf6
{[%clk 0:15:48]} 0-1

[Event "World Chess Olympiad 2018"]
[Site "Batumi"]
[Date "2018.09.30"]
[Round "6"]
[Board "1"]
[WhiteFideId "14603152"]
[White "Borisek Jure"]
[BlackFideId "4300106"]
[Black "Dive Russell John"]
[Result "1-0"]
[LiveChessVersion "1.4.8"]
[BlackElo "2297"]
[WhiteElo "2578"]

1. e4 {[%clk 1:30:57]} e5 {[%clk 1:30:55]} 2. Nf3 {[%clk 1:31:05]} Nf6
{[%clk 1:31:19]} 3. Nxe5 {[%clk 1:31:14]} d6 {[%clk 1:31:43]} 4. Nf3
{[%clk 1:31:41]} Nxe4 {[%clk 1:32:07]} 5. Nc3 {[%clk 1:31:49]} Nxc3
{[%clk 1:32:31]} 6. dxc3 {[%clk 1:32:15]} Be7 {[%clk 1:32:52]} 7. Be3
{[%clk 1:32:41]} Nc6 {[%clk 1:33:05]} 8. Qd2 {[%clk 1:33:07]} Be6
{[%clk 1:33:17]} 9. O-O-O {[%clk 1:33:19]} Qd7 {[%clk 1:33:33]} 10. Kb1
{[%clk 1:33:09]} a6 {[%clk 1:33:29]} 11. Nd4 {[%clk 1:30:50]} Bf6
{[%clk 1:32:11]} 12. Nxe6 {[%clk 1:28:11]} fxe6 {[%clk 1:32:27]} 13. g4
{[%clk 1:24:50]} h6 {[%clk 1:25:52]} 14. f4 {[%clk 1:20:39]} O-O-O
{[%clk 1:20:33]} 15. Bg2 {[%clk 1:16:03]} Bh4 {[%clk 1:02:13]} 16. Qe2
{[%clk 1:10:41]} g5 {[%clk 0:54:55]} 17. fxg5 {[%clk 1:07:10]} Bxg5
{[%clk 0:54:03]} 18. Bf2 {[%clk 1:03:10]} Rde8 {[%clk 0:51:44]} 19. c4
{[%clk 0:54:40]} Rhf8 {[%clk 0:50:53]} 20. h4 {[%clk 0:54:20]} Bf6
{[%clk 0:45:02]} 21. Be3 {[%clk 0:52:57]} Qg7 {[%clk 0:44:03]} 22. Bxc6
{[%clk 0:50:32]} bxc6 {[%clk 0:44:20]} 23. Bc1 {[%clk 0:47:41]} Kd7
{[%clk 0:38:58]} 24. Rh3 {[%clk 0:47:24]} Rb8 {[%clk 0:32:20]} 25. b3
{[%clk 0:47:48]} c5 {[%clk 0:32:09]} 26. g5 {[%clk 0:44:37]} hxg5
{[%clk 0:32:10]} 27. hxg5 {[%clk 0:45:03]} Bd4 {[%clk 0:30:56]} 28. Qe4
{[%clk 0:36:24]} Rh8 {[%clk 0:25:01]} 29. Rh6 {[%clk 0:36:13]} Qe5
{[%clk 0:24:46]} 30. Qh1 {[%clk 0:35:34]} Rbf8 {[%clk 0:20:46]} 31. Re1
{[%clk 0:35:42]} Qg3 {[%clk 0:20:50]} 32. Bd2 {[%clk 0:33:21]} Rf2
{[%clk 0:08:46]} 33. Rxh8 {[%clk 0:29:38]} Bxh8 {[%clk 0:09:08]} 34. Qh7+
{[%clk 0:29:53]} Kc6 {[%clk 0:07:40]} 35. Ba5 {[%clk 0:29:06]} d5
{[%clk 0:04:49]} 36. Qxh8 {[%clk 0:27:20]} 1-0

[Event "World Chess Olympiad 2018"]
[Site "Batumi"]
[Date "2018.09.30"]
[Round "6"]
[Board "2"]
[WhiteFideId "405647"]
[White "Hague Ben"]
[BlackFideId "14602296"]
[Black "Sebenik Matej"]
[Result "1-0"]
[LiveChessVersion "1.4.8"]
[BlackElo "2570"]
[WhiteElo "2405"]

1. e4 {[%clk 1:30:57]} e6 {[%clk 1:30:42]} 2. d4 {[%clk 1:31:21]} d5
{[%clk 1:31:07]} 3. Nc3 {[%clk 1:31:45]} Nf6 {[%clk 1:31:06]} 4. e5
{[%clk 1:32:07]} Nfd7 {[%clk 1:31:31]} 5. f4 {[%clk 1:32:32]} c5 {[%clk 1:31:52]}
6. Nf3 {[%clk 1:32:54]} Nc6 {[%clk 1:32:16]} 7. Be3 {[%clk 1:33:15]} Be7
{[%clk 1:31:44]} 8. Qd2 {[%clk 1:33:18]} a6 {[%clk 1:31:23]} 9. dxc5
{[%clk 1:31:08]} Nxc5 {[%clk 1:31:43]} 10. O-O-O {[%clk 1:23:37]} Qa5
{[%clk 1:30:57]} 11. Kb1 {[%clk 1:21:28]} b5 {[%clk 1:26:11]} 12. Bd3
{[%clk 1:15:57]} Bb7 {[%clk 1:17:42]} 13. f5 {[%clk 1:08:47]} Rd8
{[%clk 0:39:05]} 14. f6 {[%clk 0:57:54]} gxf6 {[%clk 0:22:51]} 15. exf6
{[%clk 0:57:52]} Bf8 {[%clk 0:20:01]} 16. Rhe1 {[%clk 0:47:38]} Ne4
{[%clk 0:13:37]} 17. Bxe4 {[%clk 0:39:20]} dxe4 {[%clk 0:14:02]} 18. Qf2
{[%clk 0:39:38]} exf3 {[%clk 0:09:33]} 19. Bb6 {[%clk 0:39:49]} Rxd1+
{[%clk 0:09:58]} 20. Rxd1 {[%clk 0:40:12]} Qb4 {[%clk 0:10:24]} 21. Qxf3
{[%clk 0:40:18]} Bd6 {[%clk 0:04:03]} 22. Ne4 {[%clk 0:36:19]} Be5
{[%clk 0:02:33]} 23. c3 {[%clk 0:36:04]} Qa4 {[%clk 0:01:29]} 24. Nd6+
{[%clk 0:30:18]} Kf8 {[%clk 0:00:33]} 25. Nxb7 {[%clk 0:29:57]} Bxf6
{[%clk 0:00:37]} 26. Nc5 {[%clk 0:21:46]} Qh4 {[%clk 0:00:31]} 27. Nd7+
{[%clk 0:21:28]} Kg7 {[%clk 0:00:54]} 28. Nxf6 {[%clk 0:21:45]} 1-0

[Event "World Chess Olympiad 2018"]
[Site "Batumi"]
[Date "2018.09.30"]
[Round "6"]
[Board "3"]
[WhiteFideId "14604299"]
[White "Skoberne Jure"]
[BlackFideId "4300599"]
[Black "Kulashko Alexei"]
[Result "1-0"]
[LiveChessVersion "1.4.8"]
[BlackElo "2349"]
[WhiteElo "2565"]

1. d4 {[%clk 1:30:57]} Nf6 {[%clk 1:30:53]} 2. Nf3 {[%clk 1:31:20]} e6
{[%clk 1:30:54]} 3. Bf4 {[%clk 1:31:23]} c5 {[%clk 1:30:07]} 4. e3
{[%clk 1:31:47]} d5 {[%clk 1:30:18]} 5. c3 {[%clk 1:31:26]} Nc6 {[%clk 1:29:23]}
6. Nbd2 {[%clk 1:31:31]} Bd6 {[%clk 1:29:08]} 7. Bg3 {[%clk 1:31:14]} Qe7
{[%clk 1:26:05]} 8. Ne5 {[%clk 1:25:12]} O-O {[%clk 1:25:33]} 9. Bb5
{[%clk 1:06:58]} Bd7 {[%clk 1:24:15]} 10. Nxd7 {[%clk 0:48:47]} Nxd7
{[%clk 1:19:34]} 11. Nf3 {[%clk 0:47:06]} a6 {[%clk 1:10:32]} 12. Bh4
{[%clk 0:44:19]} f6 {[%clk 0:54:08]} 13. Bd3 {[%clk 0:40:20]} Kh8
{[%clk 0:52:25]} 14. Bc2 {[%clk 0:36:42]} b5 {[%clk 0:42:23]} 15. Qe2
{[%clk 0:28:29]} cxd4 {[%clk 0:25:12]} 16. exd4 {[%clk 0:28:33]} b4
{[%clk 0:23:45]} 17. c4 {[%clk 0:27:00]} b3 {[%clk 0:20:40]} 18. Bxb3
{[%clk 0:23:34]} Bb4+ {[%clk 0:21:04]} 19. Kf1 {[%clk 0:23:58]} Na5
{[%clk 0:18:07]} 20. g4 {[%clk 0:19:18]} Nxc4 {[%clk 0:16:52]} 21. Bxc4
{[%clk 0:19:35]} dxc4 {[%clk 0:17:21]} 22. Qxc4 {[%clk 0:19:55]} Nb6
{[%clk 0:16:22]} 23. Qe2 {[%clk 0:18:53]} Qb7 {[%clk 0:15:34]} 24. Rg1
{[%clk 0:18:09]} e5 {[%clk 0:14:56]} 25. g5 {[%clk 0:16:52]} e4 {[%clk 0:12:55]}
26. gxf6 {[%clk 0:14:05]} exf3 {[%clk 0:08:23]} 27. fxg7+ {[%clk 0:12:20]} Qxg7
{[%clk 0:08:48]} 28. Qe6 {[%clk 0:12:41]} Qxd4 {[%clk 0:05:20]} 29. Rg8+
{[%clk 0:12:53]} Rxg8 {[%clk 0:05:50]} 30. Bf6+ {[%clk 0:13:14]} Qxf6
{[%clk 0:06:15]} 31. Qxf6+ {[%clk 0:13:38]} Rg7 {[%clk 0:06:43]} 32. Rd1
{[%clk 0:13:06]} Be7 {[%clk 0:02:12]} 33. Qxb6 {[%clk 0:12:27]} Rag8
{[%clk 0:02:32]} 34. Qd4 {[%clk 0:12:46]} h6 {[%clk 0:02:15]} 35. Rd3
{[%clk 0:11:30]} Bc5 {[%clk 0:01:22]} 36. Qe5 {[%clk 0:11:35]} Bb6
{[%clk 0:00:35]} 37. Rd6 {[%clk 0:10:25]} Kh7 {[%clk 0:01:01]} 38. Qf5+
{[%clk 0:10:44]} Rg6 {[%clk 0:01:25]} 39. Rxb6 {[%clk 0:11:09]} 1-0

[Event "World Chess Olympiad 2018"]
[Site "Batumi"]
[Date "2018.09.30"]
[Round "6"]
[Board "4"]
[WhiteFideId "4300084"]
[White "Ker Anthony F"]
[BlackFideId "14608502"]
[Black "Markoja Boris"]
[Result "1/2-1/2"]
[LiveChessVersion "1.4.8"]
[BlackElo "2456"]
[WhiteElo "2315"]

1. e4 {[%clk 1:30:56]} e5 {[%clk 1:30:55]} 2. Nf3 {[%clk 1:31:16]} Nc6
{[%clk 1:31:20]} 3. Bc4 {[%clk 1:31:35]} Nf6 {[%clk 1:31:39]} 4. d4
{[%clk 1:31:41]} exd4 {[%clk 1:31:44]} 5. e5 {[%clk 1:32:00]} d5 {[%clk 1:31:51]}
6. Bb5 {[%clk 1:32:07]} Nd7 {[%clk 1:32:02]} 7. O-O {[%clk 1:27:39]} Be7
{[%clk 1:32:04]} 8. Bxc6 {[%clk 1:10:33]} bxc6 {[%clk 1:31:47]} 9. Nxd4
{[%clk 1:10:55]} Nb8 {[%clk 1:32:06]} 10. Qh5 {[%clk 1:02:05]} O-O
{[%clk 1:26:55]} 11. Nf5 {[%clk 0:56:37]} Bxf5 {[%clk 1:16:19]} 12. Qxf5
{[%clk 0:57:01]} Qd7 {[%clk 1:15:07]} 13. Qd3 {[%clk 0:54:34]} c5
{[%clk 1:11:23]} 14. Nc3 {[%clk 0:50:37]} d4 {[%clk 1:09:04]} 15. Ne4
{[%clk 0:50:29]} Nc6 {[%clk 1:08:03]} 16. f4 {[%clk 0:45:03]} Rab8
{[%clk 0:50:17]} 17. b3 {[%clk 0:40:33]} Nb4 {[%clk 0:44:13]} 18. Qc4
{[%clk 0:39:34]} Qe6 {[%clk 0:38:26]} 19. Qxe6 {[%clk 0:29:08]} fxe6
{[%clk 0:38:51]} 20. c3 {[%clk 0:29:03]} dxc3 {[%clk 0:32:38]} 21. Nxc3
{[%clk 0:27:58]} c4 {[%clk 0:28:45]} 22. Ne4 {[%clk 0:26:11]} cxb3
{[%clk 0:26:52]} 23. axb3 {[%clk 0:26:24]} Nd5 {[%clk 0:27:03]} 24. Rxa7
{[%clk 0:20:49]} Rxb3 {[%clk 0:25:14]} 25. Ra4 {[%clk 0:18:45]} Rd3
{[%clk 0:19:00]} 26. Rc4 {[%clk 0:16:30]} Rb8 {[%clk 0:17:44]} 27. g4
{[%clk 0:14:30]} g6 {[%clk 0:09:38]} 28. f5 {[%clk 0:13:59]} gxf5
{[%clk 0:08:46]} 29. gxf5 {[%clk 0:14:23]} exf5 {[%clk 0:09:08]} 30. Rxf5
{[%clk 0:14:38]} Rb6 {[%clk 0:08:12]} 31. Nf6+ {[%clk 0:09:24]} Bxf6
{[%clk 0:04:01]} 32. exf6 {[%clk 0:09:48]} Rxf6 {[%clk 0:03:39]} 33. Rxf6
{[%clk 0:09:29]} Nxf6 {[%clk 0:04:03]} 1/2-1/2

[Event "World Chess Olympiad 2018"]
[Site "Batumi"]
[Date "2018.09.30"]
[Round "6"]
[Board "1"]
[WhiteFideId "13100050"]
[White "Rakotomaharo Fy Antenaina"]
[BlackFideId "3503321"]
[Black "Gonzalez Vidal Yuri"]
[Result "1/2-1/2"]
[LiveChessVersion "1.4.8"]
[BlackElo "2566"]
[WhiteElo "2422"]

1. e4 {[%clk 1:30:58]} e5 {[%clk 1:30:42]} 2. Nf3 {[%clk 1:31:22]} Nc6
{[%clk 1:31:02]} 3. Nc3 {[%clk 1:31:38]} Nf6 {[%clk 1:31:14]} 4. Bb5
{[%clk 1:32:03]} Bb4 {[%clk 1:30:48]} 5. O-O {[%clk 1:31:40]} O-O
{[%clk 1:30:57]} 6. d3 {[%clk 1:32:05]} Bxc3 {[%clk 1:29:33]} 7. bxc3
{[%clk 1:32:29]} d6 {[%clk 1:29:45]} 8. Bg5 {[%clk 1:30:35]} Qe7 {[%clk 1:26:13]}
9. Re1 {[%clk 1:29:25]} a6 {[%clk 1:25:01]} 10. Ba4 {[%clk 1:29:13]} Nd8
{[%clk 1:13:39]} 11. d4 {[%clk 1:21:01]} Ne6 {[%clk 1:13:40]} 12. Bd2
{[%clk 1:20:14]} b5 {[%clk 1:12:33]} 13. Bb3 {[%clk 1:20:39]} Bb7
{[%clk 1:12:15]} 14. Ng5 {[%clk 1:06:05]} c5 {[%clk 0:47:46]} 15. Bxe6
{[%clk 0:55:07]} fxe6 {[%clk 0:48:03]} 16. f3 {[%clk 0:55:19]} Nd7
{[%clk 0:44:58]} 17. Be3 {[%clk 0:51:54]} Nb6 {[%clk 0:42:18]} 18. Nh3
{[%clk 0:50:01]} Na4 {[%clk 0:40:34]} 19. Qd2 {[%clk 0:46:58]} Rac8
{[%clk 0:36:10]} 20. Bg5 {[%clk 0:39:41]} Qc7 {[%clk 0:34:34]} 21. dxe5
{[%clk 0:39:27]} dxe5 {[%clk 0:34:42]} 22. Bh4 {[%clk 0:38:40]} h6
{[%clk 0:25:01]} 23. c4 {[%clk 0:33:36]} b4 {[%clk 0:18:17]} 24. a3
{[%clk 0:28:45]} Nb6 {[%clk 0:16:09]} 25. axb4 {[%clk 0:29:07]} Nxc4
{[%clk 0:16:04]} 26. Qc3 {[%clk 0:29:32]} cxb4 {[%clk 0:15:10]} 27. Qxb4
{[%clk 0:29:57]} a5 {[%clk 0:15:13]} 28. Qb3 {[%clk 0:27:37]} Ba6
{[%clk 0:14:27]} 29. Nf2 {[%clk 0:22:55]} Rb8 {[%clk 0:11:23]} 30. Qc3
{[%clk 0:22:58]} Qb6 {[%clk 0:10:50]} 31. Bg3 {[%clk 0:22:19]} Rfc8
{[%clk 0:08:48]} 32. Ra2 {[%clk 0:18:26]} a4 {[%clk 0:06:37]} 33. h4
{[%clk 0:14:32]} Bb5 {[%clk 0:05:50]} 34. Kh2 {[%clk 0:13:46]} Ra8
{[%clk 0:05:07]} 35. Rb1 {[%clk 0:13:04]} Qa5 {[%clk 0:03:32]} 36. Bxe5
{[%clk 0:11:05]} Nd2 {[%clk 0:02:19]} 37. Qxa5 {[%clk 0:09:58]} Rxa5
{[%clk 0:02:44]} 38. Rd1 {[%clk 0:07:33]} Nf1+ {[%clk 0:02:27]} 39. Kg1
{[%clk 0:03:34]} Ne3 {[%clk 0:02:46]} 40. Rd2 {[%clk 0:31:38]} Bc4
{[%clk 0:31:21]} 41. Ra3 {[%clk 0:28:17]} Bb3 {[%clk 0:26:19]} 42. Rd7
{[%clk 0:12:41]} Nxc2 {[%clk 0:18:50]} 43. Bxg7 {[%clk 0:12:10]} h5
{[%clk 0:17:42]} 44. Rxb3 {[%clk 0:09:17]} axb3 {[%clk 0:18:02]} 45. Rb7
{[%clk 0:09:26]} Ra2 {[%clk 0:06:54]} 46. Nd3 {[%clk 0:05:49]} Ne3
{[%clk 0:06:28]} 47. Bb2 {[%clk 0:02:03]} Rc2 {[%clk 0:05:18]} 48. Rb8+
{[%clk 0:01:15]} Kf7 {[%clk 0:05:19]} 49. Ne5+ {[%clk 0:01:22]} Ke7
{[%clk 0:04:55]} 50. Rb7+ {[%clk 0:01:37]} Ke8 {[%clk 0:04:11]} 51. Rb8+
{[%clk 0:02:02]} Ke7 {[%clk 0:04:04]} 52. Rb7+ {[%clk 0:02:27]} Ke8
{[%clk 0:03:42]} 53. Rb8+ {[%clk 0:02:52]} Ke7 {[%clk 0:04:06]} 54. Rb7+
{[%clk 0:03:17]} Ke8 {[%clk 0:04:33]} 1/2-1/2

[Event "World Chess Olympiad 2018"]
[Site "Batumi"]
[Date "2018.09.30"]
[Round "6"]
[Board "2"]
[WhiteFideId "3507165"]
[White "Ortiz Suarez Isan Reynaldo"]
[BlackFideId "13100858"]
[Black "Andriamasoandro Miora"]
[Result "1-0"]
[LiveChessVersion "1.4.8"]
[BlackElo "2126"]
[WhiteElo "2527"]

1. c4 {[%clk 1:30:53]} Nf6 {[%clk 1:29:08]} 2. g3 {[%clk 1:31:08]} e6
{[%clk 1:28:32]} 3. Bg2 {[%clk 1:31:32]} d5 {[%clk 1:28:21]} 4. Nf3
{[%clk 1:31:52]} c6 {[%clk 1:27:22]} 5. O-O {[%clk 1:29:40]} Nbd7
{[%clk 1:26:58]} 6. d3 {[%clk 1:26:44]} Be7 {[%clk 1:26:22]} 7. Nc3
{[%clk 1:26:43]} O-O {[%clk 1:25:57]} 8. cxd5 {[%clk 1:26:40]} cxd5
{[%clk 1:25:46]} 9. Bf4 {[%clk 1:23:31]} Nh5 {[%clk 1:23:34]} 10. Bd2
{[%clk 1:23:05]} f5 {[%clk 1:21:17]} 11. e4 {[%clk 1:19:20]} Nhf6
{[%clk 1:19:58]} 12. exd5 {[%clk 1:14:57]} exd5 {[%clk 1:20:00]} 13. Nd4
{[%clk 1:14:44]} Nb6 {[%clk 1:16:46]} 14. a4 {[%clk 1:12:52]} Bc5
{[%clk 1:05:27]} 15. Nb3 {[%clk 1:12:14]} Bb4 {[%clk 1:05:16]} 16. a5
{[%clk 1:12:10]} Bxc3 {[%clk 1:03:19]} 17. Bxc3 {[%clk 1:10:07]} Nbd7
{[%clk 1:02:52]} 18. Re1 {[%clk 1:10:02]} Rf7 {[%clk 0:53:04]} 19. Nd4
{[%clk 1:03:59]} Nf8 {[%clk 0:49:37]} 20. f4 {[%clk 1:03:58]} Bd7
{[%clk 0:41:02]} 21. Qb3 {[%clk 1:03:36]} Rb8 {[%clk 0:34:25]} 22. Re5
{[%clk 0:58:14]} Bc6 {[%clk 0:27:40]} 23. Nxf5 {[%clk 0:54:42]} N8d7
{[%clk 0:21:43]} 24. Re2 {[%clk 0:54:37]} Nc5 {[%clk 0:17:34]} 25. Qa3
{[%clk 0:51:57]} Na6 {[%clk 0:13:33]} 26. Rae1 {[%clk 0:50:34]} Nc7
{[%clk 0:12:57]} 27. Re7 {[%clk 0:49:31]} Rxe7 {[%clk 0:11:52]} 28. Rxe7
{[%clk 0:47:37]} Nce8 29. Rxg7+ {[%clk 0:47:42]} Nxg7 {[%clk 0:10:24]} 30. Nh6+
{[%clk 0:48:08]} 1-0

[Event "World Chess Olympiad 2018"]
[Site "Batumi"]
[Date "2018.09.30"]
[Round "6"]
[Board "3"]
[WhiteFideId "13100424"]
[White "Rajaonarison Faniry"]
[BlackFideId "3503313"]
[Black "Almeida Quintana Omar"]
[Result "0-1"]
[LiveChessVersion "1.4.8"]
[BlackElo "2540"]
[WhiteElo "2126"]

1. e4 {[%clk 1:30:47]} g6 {[%clk 1:30:47]} 2. d4 {[%clk 1:30:13]} Bg7
{[%clk 1:31:12]} 3. Nc3 {[%clk 1:29:11]} a6 {[%clk 1:31:00]} 4. Be3
{[%clk 1:29:08]} d6 {[%clk 1:31:10]} 5. Qd2 {[%clk 1:27:31]} b5 {[%clk 1:31:27]}
6. Bd3 {[%clk 1:23:47]} Bb7 {[%clk 1:31:22]} 7. f3 {[%clk 1:23:14]} Nd7
{[%clk 1:31:36]} 8. a4 {[%clk 1:21:00]} b4 {[%clk 1:29:22]} 9. Nce2
{[%clk 1:21:19]} c5 {[%clk 1:29:37]} 10. c3 bxc3 {[%clk 1:29:03]} 11. bxc3
{[%clk 1:15:49]} Ngf6 {[%clk 1:26:33]} 12. Nh3 {[%clk 1:15:47]} O-O
{[%clk 1:26:43]} 13. O-O {[%clk 1:16:02]} Qa5 {[%clk 1:23:50]} 14. Ra2
{[%clk 1:11:44]} Rfc8 {[%clk 1:20:50]} 15. Rb1 {[%clk 1:02:31]} Rab8
{[%clk 1:18:29]} 16. Rab2 {[%clk 0:53:53]} Bc6 {[%clk 1:11:58]} 17. Bc2
{[%clk 0:43:44]} Rxb2 {[%clk 1:10:59]} 18. Rxb2 {[%clk 0:44:07]} Nb6
{[%clk 1:11:12]} 19. Qd3 {[%clk 0:40:05]} cxd4 {[%clk 1:08:50]} 20. Nxd4
{[%clk 0:35:11]} Nfd7 {[%clk 1:07:41]} 21. Rb4 {[%clk 0:18:10]} Bxa4
{[%clk 1:02:51]} 22. Bxa4 {[%clk 0:16:25]} Nxa4 {[%clk 1:03:13]} 23. Nb3
{[%clk 0:16:19]} Nac5 {[%clk 0:46:29]} 24. Bxc5 {[%clk 0:13:35]} Nxc5
{[%clk 0:46:48]} 25. Qc4 {[%clk 0:13:56]} Qa2 {[%clk 0:43:31]} 26. Nxc5
{[%clk 0:07:18]} Qxc4 {[%clk 0:43:39]} 27. Rxc4 {[%clk 0:07:42]} Rxc5
{[%clk 0:44:04]} 28. Rxc5 {[%clk 0:07:55]} dxc5 {[%clk 0:44:29]} 29. c4
{[%clk 0:08:16]} a5 {[%clk 0:44:54]} 30. Nf4 {[%clk 0:08:39]} a4 {[%clk 0:45:20]}
31. Nd3 {[%clk 0:08:51]} Bb2 {[%clk 0:45:43]} 0-1